| 000 | 02071nam a22002897a 4500 | ||
|---|---|---|---|
| 999 |
_c21893 _d21893 |
||
| 003 | AR-CdUCM | ||
| 008 | 190425b ||||| |||| 00| 0 spa d | ||
| 040 |
_aMUNICIPALIDAD PROVINCIAL DEL CUSCO _cBIBLIOTECA MUNICIPAL DEL CUSCO |
||
| 082 | _aRev.FD/N°5/1965 | ||
| 110 |
_aUniversidad Nacional De San Antonio Abad del Cuzco _914483 |
||
| 245 |
_aRevista de la Facultad de Derecho de la Universidad Nacional de San Antonio Abad del Cuzco / _cUniversidad Nacional de San Antonio Abad del Cuzco |
||
| 260 |
_aCusco : _bH.G. Rozas, _c1965. |
||
| 300 |
_a264 páginas. : _c24 cm. |
||
| 440 |
_aRevista de la Facultad de Derecho de la Universidad Nacional de San Antonio Abad del Cuzco. _nN°5, 1965. _946712 |
||
| 505 | _aContenido: Función y perspectiva de la Facultad de Derecho del Cuzco, memoria del decano. Ferdinand Cuadros Villena. -- Plan de estudios básicos para las facultades de derecho de las universidades del país. -- Proyecto de reformas metodológicas. Carlos Ferdinand Cuadros Villena. -- Proyecto de bases reglamentarias para la modificación de los exámenes de grado. Octavio Linares, Ernesto Valdivia, Jorge Velasco, Aníbal Peralta y alumnos Efraín Araoz y Carlos Santander. -- Proyecto de reglamento de matricula por asignaturas. Carlos Ferdinand Cuadros Villena. -- Registro de la docencia. Carlos Ferdinand Cuadros Villena. -- Proyecto de reglamento concurso de cátedras de la facultad. Ferdinand Cuadros Villena. -- Función y destino de la facultad de Derecho, exposición de motivos y programa de acción inmediata en la facultad de Derecho de la Universidad Nacional del Cusco. Carlos Ferdinand Cuadros | ||
| 650 |
_aDerecho del Perú _946685 |
||
| 650 |
_aFacultad de Derecho del Cuzco _946697 |
||
| 650 |
_aProyecto de reformas metodológicas _946707 |
||
| 700 |
_aFerdinand Cuadros, Carlos _922810 |
||
| 700 |
_aLinares, Octavio _931654 |
||
| 700 |
_aVelasco, Jorge _946709 |
||
| 700 |
_aPeralta, Aníbal _946710 |
||
| 700 |
_aAraoz, Efraín _946706 |
||
| 700 |
_aSantander, Carlos _946713 |
||
| 942 |
_2ddc _cPP |
||
| 945 | _arac | ||